Normal view
MARC view
Entry Personal Name
001 - CONTROL NUMBER
- control field: 3362
003 - CONTROL NUMBER IDENTIFIER
- control field: AM-YEHGA
005 - DATE AND TIME OF LATEST TRANSACTION
- control field: 20250617070443.0
008 - FIXED-LENGTH DATA ELEMENTS
- fixed length control field: 070423 a|ac|n|aab||||||||||||a |n|||||||
040 ## - CATALOGING SOURCE
- Original cataloging agency: AM-YEHGA
100 1# - HEADING--PERSONAL NAME
- Personal name: Գևորգյան, Հենրիկ Գուրգենի,
- Dates associated with a name: 1942-
400 1# - SEE FROM TRACING--PERSONAL NAME
- Personal name: Գևորգյան, Հենրիկ Գևորգի,
- Dates associated with a name: 1942-
400 1# - SEE FROM TRACING--PERSONAL NAME
- Personal name: Геворкян, Генрих Гургенович,
- Dates associated with a name: 1942-
400 1# - SEE FROM TRACING--PERSONAL NAME
- Personal name: Gevorkyan, Henrik Gurgeni,
- Dates associated with a name: 1924-
670 ## - SOURCE DATA FOUND
- Source citation: Հայաստանի Գրողների միության տեղեկատու, 1995 :
- Information found: Գևորգյան Հենրիկ Գուրգենի (ծ. 1942 թ.), արձակագիր:
670 ## - SOURCE DATA FOUND
- Source citation: Լենինականյան զվարճալի զրույցներ ու սրամտություններ, 1989 :
- Information found: տիտղթ. (Հենրիկ Գուրգենի Գևորգյան)
670 ## - SOURCE DATA FOUND
- Source citation: Քողարկված դեմքեր : Վիպակներ : Դպրոցական միջին և բարձր տարիքի համար, 1990 :
- Information found: տիտղթ. (Հենրիկ Գևորգի Գևորգյան)
ՀՀ Գիտությունների ազգային ակադեմիայի հիմնարար գիտական գրադարան = Fundamental Scientific Library of NAS RA
All site content, except where otherwise noted, is licensed under a